Statistiques concernant Capitales du monde par lettre - A

Cliquez ici pour prendre le quiz!

Statistiques générales

  • Ce quiz a été pris 1 767 fois
    (782 depuis la dernière actualisation)
  • Le résultat moyen est 9 sur 15

Statistiques - réponses

Réponse% Correct
Alger
80%
Amsterdam
76%
Andorre-la-Vieille
74%
Asuncion
73%
Ankara
71%
Antananarivo
70%
Athènes
70%
Addis-Abeba
59%
Accra
58%
Abuja
55%
Amman
55%
Abou Dabi
53%
Achgabat
52%
Apia
52%
Asmara
50%

Distribution des résultats

Percentile par nombre de réponses

% des personnes avec chaque résultat

Votre développement - résultats

Vous n’avez pas pris ce quiz depuis la dernière actualisation